000 00704nam a22001937a 4500
005 20250926113133.0
010 _aENG-146864
020 _a9789364681322
_c399.00
035 _aEN-130396
037 _bDBAD
082 _21
_a000
100 _aHitbullseye
_985220
245 _aCUET (UG) 2025 Humanities/
_bHitbullseye
260 _aUttar Pradesh
_bS. Chand Publishing
_c2025
270 _aD-92, Sector-2, Noida
_bUttar Pradesh
_e201301
_k61-120-4682700
300 _a325p.
_c27cm(pb)
500 _aHistory | Geography | Sociology | Political Science | 1000+ Questions | CUET 2024 Papers | Mock Tests | Delhi University, JNU, BHU, Other Universities
942 _2ddc
_cEN
_h000
_mCUE
999 _c213468
_d213468